[Event "Campeonato Estadual Absoluto Std RJ 202"]
[Site "TTC Sala de Xadrez Ed Leonard"]
[Date "2025.11.22"]
[Round "4.9"]
[White "Pereira, Pedro Nunes"]
[Black "Campos, Rafael De Lima"]
[Result "1-0"]
[WhiteElo "1825"]
[BlackElo "1801"]
[PlyCount "127"]
[EventDate "2025.11.20"]
[EventRounds "6"]
[EventCountry "BRA"]

1. d4 {Krasenkow,Michal} Nf6 2. Nf3 g6 3. Bf4 Bg7 4. e3 O-O 5. c4 d6 6. Nc3 c5 7. Rc1 ({RR} 7. d5 Qb6 ({RR} 7... Qa5) ({RR} 7... Na6) 8. Rb1 ({RR} 8. Qd2 Bf5 9. Rc1 a5 10. b3 a4 11. bxa4 Ne4 12. Nxe4 Bxe4 13. Ng5 Bf5 14. e4 Bd7 15. Bd3 Rxa4) ({RR} 8. Qb3 Qxb3 9. axb3 Na6 10. e4 Nb4 11. O-O-O Ng4 12. Bg3 f5 13. h3 fxe4 14. Nxe4 Nh6 15. Bd3 Nf5 16. Bh2 Bd7 17. Rhe1 b5 18. Nc3 Nxd3+ 19. Rxd3 bxc4 20. bxc4 Rab8 21. g4 Nd4 22. Nxd4 cxd4) 8... e5 ({RR} 8... Na6 9. a3 Nh5 10. Bg5 Re8 11. Nd2 Nb8 12. Be2 Nf6 13. O-O Nbd7 14. Qc2 e6 15. e4 e5 16. b4) 9. Bg5 ({RR} 9. dxe6 Bxe6 10. Qb3 ({RR} 10. Qxd6 Nc6) 10... Qc6 11. Rd1 Rd8 12. Be2 h6 13. O-O Na6 14. Rd2 Nh5 15. Bg3 Nxg3 16. hxg3 Nc7 17. Rfd1 Rab8) 9... Bf5 10. Bd3 Bxd3 11. Qxd3 Nbd7 12. Nd2 ({RR} 12. e4 Nh5) 12... Rae8 13. a3 a6 14. f3 Qc7 15. Bh4 Nh5 16. g4 e4 17. fxe4 ({RR} 17. Ncxe4 f5 18. gxh5 fxe4 19. fxe4 Ne5 20. Qe2) 17... Bf6 18. Bxf6 ({RR} 18. Bf2 Bxc3 19. bxc3 Nhf6 20. h3) 18... Nhxf6 19. Qe2 Ne5 20. h3 Qe7 21. Rg1 Nfd7 {Ivanchuk,V (2781)-Radjabov,T (2744) Sochi 2008 CBM 126 [Krasenkow,Michal] ½-½ (37)}) 7... cxd4 ({RR} 7... Bg4 8. Be2 a6 9. h3 Bxf3 10. Bxf3 Qb6 11. Qb3 Qxb3 12. axb3 Ra7 13. O-O cxd4 14. exd4 b6 15. Rc2 Rc7 16. Re2 Rd7 17. Na4 b5 18. Nb6 Rc7 19. c5 Rd8 20. Rfe1 Bf8 21. cxd6 exd6 22. Bg5 {Funayama S A,Y (1488)-De Oliveira,J Sao Paulo 2018 1-0 (41)}) 8. exd4 Re8 $146 ({RR} 8... b6 9. Be2 Bb7 10. O-O Nbd7 11. d5 Nc5 12. b4 Ncd7 13. Nd4 Qc8 14. Qd2 Ne5 15. Na4 Neg4 16. h3 Ne4 17. Qd3 Ngxf2 18. Rxf2 Nxf2 19. Kxf2 e5 20. dxe6 fxe6 21. Bg4 Rxf4+ 22. Ke3 Bxd4+ 23. Kxf4 {Ploetz,H (1413)-Krueger,J (1451) Frankfurt 2008 0-1}) 9. Be2 Nh5 10. Bg5 h6 11. Bh4 Nf4 12. O-O Nd7 13. Re1 Nxe2+ 14. Nxe2 Qc7 15. Bg3 e5 16. dxe5 Nxe5 17. Nxe5 dxe5 18. b4 b6 19. c5 bxc5 20. Rxc5 Qb6 21. Qa4 Bb7 22. Qb3 a5 23. Rxa5 Qc6 24. f3 Rxa5 25. bxa5 Qd7 26. Nc3 Bc6 27. Qb6 Qd4+ 28. Qxd4 exd4 29. Rxe8+ Bxe8 30. Nd5 d3 31. Kf2 Bd4+ 32. Ke1 f5 33. Kd2 Bb5 34. Nc7 Bc4 35. a6 g5 36. Be5 Bb6 37. Na8 Ba5+ 38. Bc3 Bxc3+ 39. Kxc3 Bxa6 40. Nc7 Bc4 41. a4 Kf7 42. a5 Ke7 43. a6 Bxa6 44. Nxa6 Kd6 45. Kxd3 Ke5 46. g3 h5 47. Nc5 f4 48. Ne4 fxg3 49. hxg3 h4 50. gxh4 gxh4 51. Ke3 Kf5 52. Nf2 Ke5 53. f4+ Kf5 54. Kf3 Kg6 55. Kg4 Kf6 56. Kxh4 Kf5 57. Kg3 Kf6 58. Kg4 Kg6 59. f5+ Kf7 60. Kg5 Kg7 61. f6+ Kf8 62. Kg6 Kg8 63. f7+ Kf8 64. Nh1 1-0

[Event "Campeonato Estadual Absoluto Std RJ 202"]
[Site "TTC Sala de Xadrez Ed Leonard"]
[Date "2025.11.22"]
[Round "4.10"]
[White "Andriska, Matheus Jose Amante"]
[Black "Mattos, Bernardo Cunha"]
[Result "1/2-1/2"]
[WhiteElo "1534"]
[BlackElo "1779"]
[PlyCount "64"]
[EventDate "2025.11.20"]
[EventRounds "6"]
[EventCountry "BRA"]

1. d4 d5 2. Nf3 Nf6 3. e3 Bg4 4. Be2 e6 5. O-O Bd6 6. Nbd2 O-O 7. b3 c5 8. Bb2 Nc6 9. c4 cxd4 10. Nxd4 Bxe2 11. Qxe2 Qe7 $146 ({RR} 11... Nxd4 12. exd4 Rc8 13. c5 Bb8 14. b4 b6 15. Rac1 a5 16. a3 axb4 17. axb4 Re8 18. f4 Qe7 19. Ra1 Qb7 20. Bc3 Nd7 21. g3 f6 22. Nf3 e5 23. fxe5 fxe5 24. Qb5 Qc6 25. Qxc6 Rxc6 26. b5 {Borovnica,M-Slijepcevic,R Banja Luka 2004 ½-½ (75)}) ({RR} 11... Nxd4 12. Bxd4 Be7 13. cxd5 Qxd5 14. Rfd1 Rfd8 15. Nf3 Qa5 16. Rac1 a6 17. h3 Nd5 18. Ne5 Rac8 19. Nc4 Qb5 20. Qg4 Nf6 21. Qf3 Qc6 22. Qxc6 Rxc6 23. Ne5 Rcc8 24. f3 Nd5 25. Kf2 f6 26. Nd3 {Costa,R (1903)-Azevedo,E (1959) Salvador 2016 ½-½ (32)}) 12. cxd5 Nxd4 13. Bxd4 Nxd5 14. Nc4 Bc5 15. Bb2 b5 16. Ne5 b4 17. Rac1 Rac8 18. Rc2 Bd6 19. Nc6 Qb7 20. Rfc1 Rc7 21. Bd4 Nc3 22. Bxc3 Rxc6 23. Bb2 Rfc8 24. Rc4 Rxc4 25. Rxc4 Rxc4 26. Qxc4 Qc7 27. Qxc7 Bxc7 28. Kf1 Kf8 29. Ke2 e5 30. g3 Ke7 31. Kd3 Ke6 32. e4 Kd6 1/2-1/2

[Event "Campeonato Estadual Absoluto Std RJ 202"]
[Site "TTC Sala de Xadrez Ed Leonard"]
[Date "2025.11.22"]
[Round "4.11"]
[White "Sarmento, Flora Ferreira"]
[Black "Grechi, Marcelo Rezende"]
[Result "1/2-1/2"]
[WhiteElo "1712"]
[BlackElo "1810"]
[PlyCount "75"]
[EventDate "2025.11.20"]
[EventRounds "6"]
[EventCountry "BRA"]

1. d4 g6 2. c4 Bg7 3. e4 d6 4. Nc3 Nf6 5. Be2 O-O 6. h4 h5 7. Bg5 c5 ({RR} 7... c6 8. Nf3 Bg4 9. Qb3 Qc7 10. O-O Nbd7 11. Rac1 e5 12. d5 Nc5 13. Qc2 a5 14. Be3 Ncxe4 15. Nxe4 Nxe4 16. Rfd1 Nf6 17. Ng5 cxd5 18. cxd5 Qxc2 19. Rxc2 Rfc8 20. Rcd2 Bxe2 21. Rxe2 Rc4 22. g3 {Praggnanandhaa,R (2608)-Svidler,P (2714) chess24.com INT 2021 0-1 (53)}) 8. d5 Re8 $146 ({RR} 8... Qa5 9. Qd2 Re8 10. Nf3 a6 11. O-O Bg4 12. e5 dxe5 13. Nxe5 Bxe2 14. Qxe2 Nfd7 15. Bf4 Nxe5 16. Bxe5 Bxe5 17. Qxe5 Nd7 18. Qg3 Qb6 19. b3 Qd6 20. f4 Nf6 21. Qg5 Kh7 22. Qe5 Rab8 23. b4 {Pardo Sierra,A (1994)-Ramirez Luzon,F (1729) La Vega 2019 1-0}) ({RR} 8... a6 9. a4 Qa5 10. Ra3 Re8 11. Bd2 Qc7 12. Nf3 Bg4 13. Ng5 Bxe2 14. Qxe2 Nbd7 15. Kf1 Ne5 16. Bf4 Nfd7 17. Rh3 Qa5 18. Rb3 Rab8 19. Kg1 Ng4 20. Ra3 Bd4 21. Nd1 Ndf6 22. Nf3 Qb4 23. Bd2 {Devaev,A (2306)-Lim,T (2044) chess.com INT 2025 1-0 (72)}) ({RR} 8... b5 9. cxb5 a6 10. bxa6 Qa5 11. Qd2 Bxa6 12. Bxa6 Nxa6 13. Nge2 c4 14. O-O Nc5 15. f3 Rfb8 16. Rab1 Rb7 17. Nd4 Qa6 18. Nc6 Nd3 19. b3 Nb4 20. Nxb4 Rxb4 21. bxc4 Rxc4 22. Rfc1 Nh7 23. Be3 {Michels,A (2112)-Werner,C (2257) Playchess.com INT 2020 1-0}) 9. f3 e6 10. g4 exd5 11. gxh5 Qa5 12. Qd2 Nxh5 13. Nxd5 Qxd2+ 14. Kxd2 Na6 15. Rb1 Be6 16. Nf4 Ng3 17. Rh2 Nxe2 18. Ngxe2 Be5 19. Rg2 Bxc4 20. b3 Bxe2 21. Nxe2 Nb4 22. a3 Nc6 23. Be3 Rad8 24. Kc2 Kg7 25. h5 Rh8 26. hxg6 Rh2 27. Rxh2 Bxh2 28. gxf7 Be5 29. Rh1 Kxf7 30. Rh7+ Bg7 31. Nf4 Kf8 32. Rxg7 Kxg7 33. Ne6+ Kf6 34. Nxd8 Nxd8 35. Kd3 b5 36. Kc3 Nc6 37. f4 a6 38. Kd3 1/2-1/2

[Event "Campeonato Estadual Absoluto Std RJ 202"]
[Site "TTC Sala de Xadrez Ed Leonard"]
[Date "2025.11.23"]
[Round "5.1"]
[White "Frolov, Ivan"]
[Black "Rangel, Daniel"]
[Result "0-1"]
[WhiteElo "2029"]
[BlackElo "2283"]
[PlyCount "122"]
[EventDate "2025.11.20"]
[EventRounds "6"]
[EventCountry "BRA"]

1. d4 Nf6 2. c4 e6 3. Nf3 d5 4. Nc3 c6 5. Bg5 Nbd7 6. cxd5 exd5 7. e3 Be7 8. Bd3 O-O 9. Qc2 Re8 10. O-O Nf8 11. h3 g6 12. Rab1 a5 13. a3 Ne6 14. Bh6 Ng7 15. b4 axb4 16. axb4 Bf5 17. Ne5 Bxd3 18. Nxd3 Nf5 19. Bf4 b5 20. Ra1 $146 ({RR} 20. Ne2 Ra6 21. Ra1 Qa8 22. Qb2 Nd7 23. Rxa6 Qxa6 24. Ra1 Qc8 25. Ra7 Nb6 26. Qa1 Na4 27. Nc3 Nxc3 28. Qxc3 Bd6 29. Ne5 Re6 30. Qa3 Re8 31. Nxf7 Bxf4 32. exf4 Qe6 33. Ne5 Nxd4 34. Qd3 Nf5 {Kovalenko,I (2674)-Jumabayev,R (2628) Chess.com INT 2022 1-0 (44)}) ({RR} 20. Ne2) ({RR} 20. Ne2) 20... Nd6 21. Rxa8 Qxa8 22. Bxd6 Bxd6 23. Ne2 Nd7 24. Rc1 Rc8 25. Nef4 Nb6 26. h4 Nc4 27. h5 Qa7 28. hxg6 fxg6 29. Ne5 Qg7 30. Nxc4 bxc4 31. Ne6 Qe7 32. Nc5 Rf8 33. Rf1 Qh4 34. f4 Re8 35. Qa4 Rxe3 36. Qxc6 Bxf4 37. Qc8+ Kg7 38. Rxf4 Qxf4 39. Ne6+ Rxe6 40. Qxe6 Qxd4+ 41. Kh1 c3 42. Qd7+ Kh6 43. Qh3+ Kg5 44. Qg3+ Kf5 45. Qf3+ Ke6 46. Qh3+ Kf6 47. Qf3+ Kg7 48. Qe2 Qe4 49. Qb5 c2 50. Qd7+ Kh6 51. Qh3+ Kg5 52. Qg3+ Kh5 53. Qc3 d4 54. Qc5+ g5 55. Qc4 Kh4 56. Qc7 Kh5 57. Qf7+ Kg4 58. Qd7+ Kf4 59. Qc7+ Ke3 60. Qc5 Kd2 61. Qxg5+ Qe3 0-1

[Event "Campeonato Estadual Absoluto Std RJ 202"]
[Site "TTC Sala de Xadrez Ed Leonard"]
[Date "2025.11.23"]
[Round "5.2"]
[White "Reimberg, Arthur Bernardo"]
[Black "Lopes, Eduardo Moraes"]
[Result "0-1"]
[WhiteElo "1905"]
[BlackElo "1912"]
[PlyCount "86"]
[EventDate "2025.11.20"]
[EventRounds "6"]
[EventCountry "BRA"]

1. c4 Nf6 2. Nc3 g6 3. g3 Bg7 4. Bg2 O-O 5. e4 d6 6. Nge2 c5 7. d3 Nc6 8. O-O a6 9. a4 Rb8 10. h3 Ne8 11. Be3 b5 12. cxb5 axb5 13. Nxb5 Nc7 14. Nxc7 Qxc7 15. d4 Ba6 $146 ({RR} 15... Rxb2 16. dxc5 Ba6 17. cxd6 exd6 18. Nf4 Bxf1 19. Nd5 Qb8 20. Bxf1 Kh8 21. a5 Rb3 22. Ra2 Rb1 23. Qa4 Nb4 24. Nb6 Nxa2 25. Qxa2 Ra1 26. Qd5 Qc7 27. Kg2 Qc3 28. Qxd6 Qe1 29. Qd3 Qxa5 30. Nd5 {Bernat,D (1862)-Perez Ponsa,F (2532) chess.com INT 2023 1-0 (46)}) ({RR} 15... Rxb2 16. dxc5 Ba6 17. cxd6 exd6 18. Nf4 Bxf1 19. Nd5 Qb8 20. Bxf1 Kh8 21. a5 Rb3 22. Ra2 Rb1 23. Qa4 Nb4 24. Nb6 Nxa2 25. Qxa2 Ra1 26. Qd5 Qc7 27. Kg2 Qc3 28. Qxd6 Qe1 29. Qd3 Qxa5 30. Nd5 {Bernat,D (1862)-Perez Ponsa,F (2532) chess.com INT 2023 1-0 (46)}) 16. Rc1 Rxb2 17. Re1 Bxe2 18. Rxe2 Rxe2 19. Qxe2 Bxd4 20. f4 Rb8 21. Kh1 Rb3 22. Bxd4 Nxd4 23. Qc4 Qa5 24. e5 Qd2 25. Rf1 e6 26. Qa6 Nf5 27. Kh2 Nxg3 28. Rf3 Rxf3 29. Qa8+ Kg7 30. Qxf3 Nh5 31. exd6 Qxd6 32. Qc3+ Kg8 33. Qe5 Qd2 34. Qb8+ Kg7 35. Qe5+ Nf6 36. a5 Qxa5 37. h4 Qb4 38. h5 Qd4 39. Qxd4 cxd4 40. hxg6 hxg6 41. Kg3 Nd5 42. Be4 Nb4 43. Kf3 Kf6 0-1

[Event "Campeonato Estadual Absoluto Std RJ 202"]
[Site "TTC Sala de Xadrez Ed Leonard"]
[Date "2025.11.23"]
[Round "5.3"]
[White "De Miranda, Eduardo Rodrigues C"]
[Black "Santos Filho, Tadeu Sousa"]
[Result "1-0"]
[WhiteElo "1918"]
[BlackElo "2016"]
[PlyCount "107"]
[EventDate "2025.11.20"]
[EventRounds "6"]
[EventCountry "BRA"]

1. e4 e6 2. d4 d5 3. Nd2 Be7 4. Ngf3 c5 5. exd5 Qxd5 6. Bc4 ({RR} 6. dxc5 Nf6 7. Bc4 Qc6 8. Qe2 O-O 9. O-O Na6 10. Ne5 Qc7 11. Ndf3 Nxc5 12. Bf4 Qb6 13. c3 Bd7 14. Rad1 Rfd8 15. Be3 Qc7 16. Bf4 Qb6 17. Rd4 Be8 18. Rfd1 Rxd4 19. Rxd4 h6 20. h3 Rd8 {Sjugirov,S (2654)-Savchenko,B (2562) Sochi 2018 ½-½ (69)}) 6... Qd8 7. O-O ({RR} 7. dxc5 Bxc5 8. O-O Nf6 9. Nb3 Qxd1 10. Rxd1 Be7 11. a4 Nc6 12. a5 a6 13. Be3 Nd7 14. c3 O-O 15. Rd2 Nde5 16. Be2 Nxf3+ 17. Bxf3 Ne5 18. Be2 Bd7 19. f4 Bc6 20. fxe5 f6 21. Nd4 Bd5 {Ali,S (2400)-Ghimoyan,N (2192) chess.com INT 2025 1-0 (36)}) 7... Nf6 8. Qe2 $146 ({RR} 8. dxc5 Bxc5 9. Qe2 O-O 10. Nb3 Be7 11. Rd1 Qc7 12. Nbd4 Nc6 13. Bg5 a6 14. Nxc6 Qxc6 15. Rd4 h6 16. Bh4 b5 17. Bd3 Bb7 18. a4 Qc5 19. c3 Qh5 20. Ne5 Qxe2 21. Bxe2 g5 22. Bg3 Bc5 {Sergin,M (2240)-Wahedi,A (2285) Germany 2015 1-0 (59)}) ({RR} 8. dxc5 Bxc5 9. Qe2 Nbd7 10. Nb3 Be7 11. Rd1 Qc7 12. Nbd4 Nb6 13. Nb5 Qxc4 14. Qxc4 Nxc4 15. Nc7+ Kf8 16. Nxa8 Nd5 17. b3 Nd6 18. Ba3 Ne8 19. Bb2 f6 20. Nd4 b6 21. c4 Nf4 22. Nc6 Bd6 {Khamrakulov,I (2545)-Bermejo Martinez,J (2240) La Roda 2007 1-0}) ({RR} 8. Nb3 cxd4 9. Nbxd4 O-O 10. Qe2 Bd7 11. Rd1 Qc7 12. Ne5 a6 13. Bf4 Qb6 14. a4 Bc5 15. a5 Qd8 16. Nb3 Ba7 17. Bg5 Qe7 18. Ng4 Re8 19. Nxf6+ gxf6 20. Bh4 Bc6 21. Qg4+ Kh8 22. Qf4 Kg7 {Alonso Blasco,J (1958)-Carruez Gracia,E (1894) Aragon 2019 ½-½}) 8... Nc6 9. dxc5 Bxc5 10. Rd1 Qb6 11. Nb3 Be7 12. Be3 Qc7 13. Bg5 O-O 14. Rd2 a6 15. a4 Bd7 16. a5 Rac8 17. Bh4 Nb4 18. Ne5 Nc6 19. Nxd7 Nxd7 20. Bxe7 Nxe7 21. Bxe6 Rcd8 22. Rad1 Nb8 23. Bc4 Rc8 24. Bd3 Rcd8 25. Be4 Nbc6 26. Qh5 g6 27. Qc5 Rxd2 28. Rxd2 Qf4 29. Bf3 Qc7 30. Qd6 Qc8 31. Qd7 Qb8 32. Qd6 Qc8 33. Qc5 Qc7 34. Qb6 Qe5 35. g3 Nc8 36. Qc5 Qe1+ 37. Kg2 N8e7 38. Re2 Qb1 39. Rxe7 Nxe7 40. Qxe7 Qxc2 41. Qxb7 Qxb2 42. Bd5 Qf6 43. Bc4 h5 44. Qxa6 Qf5 45. h4 Qe4+ 46. Kh2 Qc2 47. Bd5 Qxf2+ 48. Bg2 Re8 49. Qf1 Qb2 50. Qf3 Rc8 51. a6 Rc3 52. a7 Qxb3 53. a8=Q+ Kh7 54. Qf6 1-0

[Event "Campeonato Estadual Absoluto Std RJ 202"]
[Site "TTC Sala de Xadrez Ed Leonard"]
[Date "2025.11.23"]
[Round "5.4"]
[White "Guimaraes, Wagner Peixoto"]
[Black "Pereira, Pedro Nunes"]
[Result "0-1"]
[WhiteElo "2093"]
[BlackElo "1825"]
[PlyCount "110"]
[EventDate "2025.11.20"]
[EventRounds "6"]
[EventCountry "BRA"]

1. e4 e5 2. Nf3 Nc6 3. Bb5 Nf6 4. d3 Bc5 5. c3 d6 6. O-O O-O 7. a4 a6 8. Bxc6 bxc6 9. b4 Bb6 10. a5 Ba7 11. Be3 Bg4 12. h3 Bh5 13. Bxa7 Rxa7 14. Nbd2 Re8 15. Qe2 $146 ({RR} 15. Qa4 Qd7 16. Rae1 Bxf3 17. Nxf3 Nh5 18. d4 Re7 19. dxe5 dxe5 20. Rd1 Qe8 21. Rd2 Ra8 22. Rfd1 Nf6 23. Re2 Re6 24. Qb3 Rd6 25. Rdd2 Qe6 26. Qxe6 Rxe6 27. Rd3 Kf8 28. Nd2 Rd6 29. Rde3 Ke7 {Pasztor,F (2270)-Csom,E (2190) Budapest 1998 1-0 (71)}) 15... d5 16. Qe3 Rb7 17. Rab1 Qd6 18. Nb3 Bxf3 19. Qxf3 Nd7 20. Nc5 Ra7 21. Nb3 Rb7 22. Qe2 Reb8 23. Rfe1 d4 24. cxd4 Rxb4 25. dxe5 Qxe5 26. d4 Qb5 27. Qxb5 R8xb5 28. Re3 c5 29. dxc5 Nxc5 30. Rd1 Ne6 31. Rdd3 h6 32. Nd2 Rxa5 33. Nf3 c5 34. Rd6 Rb2 35. Re1 Raa2 36. Rf1 Re2 37. e5 a5 38. Ra6 a4 39. Ra8+ Kh7 40. Ra7 Nd4 41. Rxf7 Nxf3+ 42. Rxf3 Rxe5 43. Rc1 Rb2 44. Kh2 Rb3 45. Ra1 Rxf3 46. gxf3 c4 47. Rxa4 Rc5 48. Ra2 c3 49. Rc2 Kg6 50. Kg3 Kf5 51. h4 g6 52. Kg2 Kf4 53. h5 gxh5 54. Kh3 Kxf3 55. Kh4 Ke4 0-1

[Event "Campeonato Estadual Absoluto Std RJ 202"]
[Site "TTC Sala de Xadrez Ed Leonard"]
[Date "2025.11.23"]
[Round "5.5"]
[White "Yunes, David Teles"]
[Black "Roland, Marcos Maldonado"]
[Result "1/2-1/2"]
[WhiteElo "1990"]
[BlackElo "2089"]
[PlyCount "51"]
[EventDate "2025.11.20"]
[EventRounds "6"]
[EventCountry "BRA"]

1. e4 e5 2. Nf3 Nc6 3. Bb5 Nf6 4. O-O Nxe4 5. d4 Nd6 6. Bxc6 dxc6 7. dxe5 Nf5 8. Qe2 Nd4 9. Nxd4 Qxd4 10. h3 Bf5 11. Nc3 Qh4 12. Rd1 Bc5 13. Be3 Bxe3 14. Qxe3 Bxc2 $146 ({RR} 14... O-O 15. Rd4 Qe7 16. Rd2 Rfd8 17. Rad1 a6 18. g4 Be6 19. f4 Rxd2 20. Rxd2 Rd8 21. Rxd8+ Qxd8 22. f5 Bd5 23. b3 Qh4 24. Kh2 h5 25. g5 Kf8 26. f6 Be6 27. fxg7+ Kxg7 28. Ne2 Kg8 29. c4 {Przybylski,W (2321)-Melikyan,G (2238) Chess.com INT 2022 0-1 (65)}) ({RR} 14... O-O 15. Rd4 Qe7 16. Rd2 Rfd8 17. Rad1 a6 18. g4 Be6 19. f4 Rxd2 20. Rxd2 Rd8 21. Rxd8+ Qxd8 22. f5 Bd5 23. b3 Qh4 24. Kh2 h5 25. g5 Kf8 26. f6 Be6 27. fxg7+ Kxg7 28. Ne2 Kg8 29. c4 {Przybylski,W (2321)-Melikyan,G (2238) Chess.com INT 2022 0-1 (65)}) 15. Rd4 Qe7 16. Re1 O-O 17. Rg4 Rad8 18. Qxa7 f5 19. Rd4 b6 20. Rxd8 Rxd8 21. Qa6 Bd3 22. Qa4 b5 23. Qb3+ Bc4 24. Qc2 Bd3 25. Qb3+ Bc4 26. Kh1 1/2-1/2

[Event "Campeonato Estadual Absoluto Std RJ 202"]
[Site "TTC Sala de Xadrez Ed Leonard"]
[Date "2025.11.23"]
[Round "5.6"]
[White "Maia, Erick De Figueiredo"]
[Black "Zacarias, Rodrigo Medeiros"]
[Result "1/2-1/2"]
[WhiteElo "1841"]
[BlackElo "2041"]
[PlyCount "90"]
[EventDate "2025.11.20"]
[EventRounds "6"]
[EventCountry "BRA"]

1. e4 c5 2. Nf3 e6 3. d3 Nc6 4. g3 g6 5. Bg2 Bg7 6. Qe2 d6 7. Nbd2 Nge7 8. O-O O-O 9. Re1 Qc7 $146 ({RR} 9... e5 10. c3 h6 11. a4 Be6 12. Nc4 Qd7 13. Nfd2 Rae8 14. Nf1 f5 15. f4 exf4 16. Bxf4 Nc8 17. Na3 g5 18. exf5 Bxf5 19. Be3 d5 20. Qf3 Be4 21. Qd1 Bxg2 22. Kxg2 d4 23. cxd4 Qd5+ 24. Kg1 {Van der Weide,P (2290)-Watson,J (2375) London 1979 0-1 (32)}) 10. c3 b5 11. Nf1 b4 12. c4 a5 13. Bf4 e5 14. Be3 Bd7 15. h4 h6 16. N1h2 a4 17. Kh1 f5 18. Bh3 f4 19. Bxd7 Qxd7 20. Bd2 fxg3 21. fxg3 a3 22. b3 Rf7 23. Be3 Raf8 24. Rf1 Kh8 25. Nd2 Qh3 26. Qg2 Qxg2+ 27. Kxg2 Nd4 28. Bxd4 exd4 29. Rxf7 Rxf7 30. Rf1 Rxf1 31. Kxf1 h5 32. Nhf3 Nc6 33. Ke2 Bh6 34. Nf1 Na5 35. N3d2 Kg7 36. Kf3 Nc6 37. Ke2 Kf6 38. Nf3 Na5 39. N1d2 Nc6 40. Nf1 g5 41. hxg5+ Bxg5 42. N1d2 Bxd2 43. Kxd2 Na5 44. Kc2 Nc6 45. Kd2 Na5 1/2-1/2

[Event "Campeonato Estadual Absoluto Std RJ 202"]
[Site "TTC Sala de Xadrez Ed Leonard"]
[Date "2025.11.23"]
[Round "5.7"]
[White "Manzi, Luiz Antonio Bardar"]
[Black "Mesquita, Arnaldo Leite"]
[Result "1-0"]
[WhiteElo "2058"]
[BlackElo "1756"]
[PlyCount "67"]
[EventDate "2025.11.20"]
[EventRounds "6"]
[EventCountry "BRA"]

1. e4 d6 2. d4 g6 3. f4 Bg7 4. Nf3 c5 5. Bc4 ({RR} 5. Be2 cxd4 6. Nxd4 Qb6 7. Nb3 Nf6 8. Nc3 O-O 9. g4 d5 10. e5 Ne4 11. Nxe4 dxe4 12. Qd4 Qc7 13. Bd2 b6 14. O-O-O a5 15. Qc4 Nc6 16. Nd4 Ba6 17. Nb5 Bxb5 18. Qxb5 g5 19. Qc4 Rfc8 {Zuse,P (2335)-Hauke,C (2295) Germany 1996 ½-½ (34)}) ({RR} 5. Be2 cxd4 6. Nxd4 Nc6 7. c3 Nf6 8. Bf3 O-O 9. O-O Bd7 10. Be3 Qc7 11. Nd2 Rfc8 12. N2b3 a6 13. Qe1 e5 14. Ne2 Re8 15. Qg3 exf4 16. Nxf4 Ne5 17. Rad1 Bb5 18. Rfe1 Bc6 19. Nd5 Nxd5 {Pernerstorfer,M (1893)-Alvir,A (2272) Austria AUT 2024 0-1 (36)}) 5... cxd4 6. Nxd4 Nc6 7. c3 Nf6 $146 ({RR} 7... Nxd4 8. cxd4 Qb6 9. e5 Qb4+ 10. Nd2 Nh6 11. a3 Qb6 12. Nf3 O-O 13. Qb3 Qxb3 14. Bxb3 Bg4 15. Kf2 Nf5 16. Be3 Nxe3 17. Kxe3 Rac8 18. Rac1 Rxc1 19. Rxc1 Rc8 20. Rxc8+ Bxc8 21. exd6 exd6 22. Ng5 {Bakali,M-Cordovil,J Lugano 1968 1-0 (40)}) 8. Nd2 Qb6 9. Qb3 Nxd4 10. Qxb6 Nc2+ 11. Kd1 axb6 12. Kxc2 Bd7 13. h3 d5 14. exd5 Bf5+ 15. Kb3 O-O 16. g4 Bd7 17. Kc2 b5 18. Bb3 Rfc8 19. Re1 Kf8 20. Nf3 b4 21. Bd2 Ba4 22. c4 Nxd5 23. Bxa4 Rxa4 24. Kb3 Nb6 25. c5 Ra3+ 26. bxa3 Bxa1 27. axb4 Bf6 28. cxb6 Rd8 29. Re3 e5 30. Bc3 Rd1 31. Nxe5 Be7 32. Kc2 Rd6 33. a4 Rxb6 34. Nd7+ 1-0

[Event "Campeonato Estadual Absoluto Std RJ 202"]
[Site "TTC Sala de Xadrez Ed Leonard"]
[Date "2025.11.23"]
[Round "5.9"]
[White "Mattos, Bernardo Cunha"]
[Black "Brito, Vicente De Paulo Al"]
[Result "1/2-1/2"]
[WhiteElo "1779"]
[BlackElo "1860"]
[PlyCount "68"]
[EventDate "2025.11.20"]
[EventRounds "6"]
[EventCountry "BRA"]

1. c4 Nf6 2. Nc3 g6 3. g3 Bg7 4. Bg2 O-O 5. Nf3 d6 6. d4 Nbd7 7. O-O e5 8. e4 c6 9. h3 h6 10. Be3 Re8 11. Qc2 Qe7 12. Rfe1 a6 13. a4 a5 14. Rad1 Nb8 15. dxe5 $146 ({RR} 15. b3 Na6 16. Kh2 Kh7 17. Re2 Bf8 18. Ne1 Nh5 19. Nd3 Nb4 20. Qd2 Nxd3 21. Qxd3 Bg7 22. Red2 Bf6 23. Rf1 Bg5 24. f4 exf4 25. gxf4 Bh4 26. Rf3 Be1 27. Re2 Qh4 28. Rxe1 Qxe1 29. Bf2 Qc1 {Kaabi,M (2347)-Taleb,S (2094) Baghdad 2013 1-0 (31)}) 15... dxe5 16. Qd2 Kh7 17. Qd6 Qxd6 18. Rxd6 Bf8 19. Rxf6 Kg7 20. Nd5 cxd5 21. Rb6 d4 22. Bd2 Nc6 23. Rb5 f6 24. c5 Re7 25. Rc1 Rc7 26. Ne1 Be7 27. Nd3 Bd8 28. f4 Rf7 29. Rf1 Na7 30. Rb3 Be6 31. Ra3 Nc6 32. fxe5 fxe5 33. Rxf7+ Bxf7 34. b4 axb4 1/2-1/2

[Event "Campeonato Estadual Absoluto Std RJ 202"]
[Site "TTC Sala de Xadrez Ed Leonard"]
[Date "2025.11.23"]
[Round "5.10"]
[White "Pedro, Arthur Ventura Tome"]
[Black "Sarmento, Flora Ferreira"]
[Result "1-0"]
[WhiteElo "1615"]
[BlackElo "1712"]
[PlyCount "77"]
[EventDate "2025.11.20"]
[EventRounds "6"]
[EventCountry "BRA"]

1. e4 c5 2. Nf3 Nc6 3. Bb5 a6 4. Bxc6 dxc6 5. O-O Bg4 6. h3 Bh5 7. d3 e6 ({RR} 7... Qc7 8. Be3 e5 9. Nbd2 Bd6 10. a4 a5 11. Nc4 Ne7 12. c3 O-O 13. g4 Bg6 14. Qb3 Rfd8 15. Rfd1 Rab8 16. Qb6 Qxb6 17. Nxb6 f6 18. Nd2 Bc7 19. Bxc5 Bxb6 20. Bxb6 Rxd3 21. f3 Bf7 22. Kf2 {Morozevich,A (2625)-De la Villa Garcia,J (2500) Pamplona 1998 ½-½ (52)}) ({RR} 7... Qc7 8. Nbd2 e5 9. Nc4 Bd6 10. Bd2 a5 11. g4 Bg6 12. Nxd6+ Qxd6 13. Nxe5 h5 14. f4 hxg4 15. hxg4 Qd4+ 16. Kg2 O-O-O 17. Bxa5 Qd6 18. Bc3 Nf6 19. Rh1 Rhg8 20. Qf3 Rgf8 21. Nxg6 fxg6 22. e5 {Tsydypov,Z (2548)-Kretov,E (2276) Sochi RUS 2023 1-0}) 8. Be3 Bd6 9. Nbd2 Nh6 $146 ({RR} 9... b5 10. a4 Nf6 11. g4 Nxg4 12. hxg4 Bxg4 13. Kg2 Qf6 14. Rh1 Qxb2 15. axb5 cxb5 16. Rb1 Qf6 17. Qe1 h5 18. e5 Qg6 19. Kf1 Be7 20. Nh4 Bxh4 21. Rxh4 Qf5 22. Ne4 Qxe5 23. Bxc5 Qc7 24. Qc3 {Oglaza,O (1566)-Chmelik,L (1793) Liberec 2013 1-0 (39)}) 10. g4 Nxg4 11. hxg4 Bxg4 12. Nc4 Bc7 13. Bg5 Qd7 14. Nfe5 Bxd1 15. Nxd7 Kxd7 16. Raxd1 f6 17. Be3 b5 18. Nd2 g5 19. Bxc5 g4 20. Rfe1 Rag8 21. Nf1 h5 22. d4 h4 23. d5 g3 24. d6 gxf2+ 25. Kxf2 Bd8 26. Nh2 Rg3 27. Rg1 Rhg8 28. Nf3 f5 29. Ne5+ Kc8 30. Nxc6 f4 31. Nxd8 Kd7 32. Nf7 h3 33. Ne5+ Kc8 34. d7+ Kc7 35. d8=Q+ Rxd8 36. Rxd8 h2 37. Rd7+ Kc8 38. Rh1 Rg5 39. Rd8+ 1-0